000 01028cam a2200301 a 4500
001 13337460
003 OSt
005 20230926135659.0
008 030909s2004 njua 001 0 eng
010 _a 2003061022
020 _a9789332549357
020 _a0130652482
040 _aDLC
_cDLC
_dDLC
050 0 0 _aQA297
_b.M39 2004
082 0 0 _a518
_bMAT/N
100 1 _aMathews, John H.,
_d1943-
_99611
245 1 0 _aNumerical methods using MATLAB /
_cJohn H. Mathews, Kurtis D. Fink.
250 _a4th ed.
260 _aUpper Saddle River, N.J. :
_bPearson
_cc2004.
300 _aix, 680 p. :
_bill. ;
_c24 cm.
500 _aIncludes index.
650 0 _aNumerical analysis
_xData processing.
650 0 _aMATLAB.
700 1 _aFink, Kurtis D.
906 _a7
_bcbc
_corignew
_d1
_eocip
_f20
_gy-gencatlg
942 _2ddc
_cBK
_h518
_iMAT/N
_k518
_mMAT/N
999 _c42428
_d42428